=LDR 00000nam 2200000 4500 =001 INLIS000000000039798 =005 20130612145414 =008 ***********************************ind** =035 ##$$0010-061300000039798 =041 ##$$a ind =082 ##$$a 813 =090 ##$$a 813, Fel s =100 ##$$a Felisia, Putu =245 ##$$a Bayangan dan cahaya, Shandow Light, Putu Felisia =260 ##$$a 2011 $b Yogyakarta =300 ##$$a 279 hlm, ilus, 20 cm =650 ##$$a fiksi =850 ##$$a NBPNMAT